Пропуск в контексте

Правила внутреннего распорядка учреждений уголовно-исполнительной системы (объединенное издание) Нормативные документы

Приведены Правила внутреннего распорядкка следственных изоляторов уголовно-исполнительной системы Правила внутреннего распорядка исправительных учреждений Правила внутреннего распорядка исправительных центров уголовно-исполнительной системы а также перечень приказов Минюста России их их отдельных пр...

全面介绍

Сохранить в:
书目详细资料
主要作者: Без автора
格式: Нормативные документы
版:2
丛编:Федеральные нормы и правила
在线阅读:https://znanium.ru/catalog/document?id=447007
https://znanium.ru/cover/2137/2137614.jpg
标签: 添加标签
没有标签, 成为第一个标记此记录!
LEADER 02372nam0a2200361 i 4500
001 RU\infra-m\znanium\bibl\2137614
003 https://znanium.ru/catalog/document?id=447007
005 20240611000000.0
010 |a 978-5-16-020029-3 
010 |a 978-5-16-112573-1  |b электр. издание 
100 |a 20240611d2024 m y0rusy0150 ca 
101 0 |a rus 
102 |a RU 
200 1 |a Правила внутреннего распорядка учреждений уголовно-исполнительной системы (объединенное издание)  |e Нормативные документы 
205 |a 2 
210 1 |a Москва  |c ООО "Научно-издательский центр ИНФРА-М"  |d 2024 
215 |a 296 с. 
225 1 |a Федеральные нормы и правила 
330 |a Приведены Правила внутреннего распорядкка следственных изоляторов уголовно-исполнительной системы Правила внутреннего распорядка исправительных учреждений Правила внутреннего распорядка исправительных центров уголовно-исполнительной системы а также перечень приказов Минюста России их их отдельных приложений признаваемых утратившими силу. 
333 |a Дополнительное профессиональное образование 
606 |a Право. Юридические науки  |x Уголовно-исполнительное право  |2 local 
608 |a Нормативные документы  |2 local 
675 |a 343.8  |z rus 
686 |a 67.409  |2 rubbk 
686 |a 40.02.02  |2 okso 
686 |a 40.03.01  |2 okso 
686 |a 40.05.01  |2 okso 
686 |a 40.05.02  |2 okso 
686 |a 40.05.04  |2 okso 
700 1 |a Без автора 
801 0 |a RU  |b Общество с ограниченной ответственностью «ЗНАНИУМ»  |c 20240130  |2 rusmarc 
856 4 |a znanium.ru  |m ebs_support@infra-m.ru  |n НИЦ ИНФРА-М  |u https://znanium.ru/catalog/document?id=447007 
856 4 1 |a znanium.ru  |d /cover/2137  |f 2137614.jpg  |q image/jpeg  |u https://znanium.ru/cover/2137/2137614.jpg